000
00343 a2200169 4500
001
175534
020
_a
85-08-03920-4
040
_c
Magnum
100
_a
Marques, Amadeu
240
1
0
_a
Super weekend
_l
ING
245
1
0
_a
Super weekend
300
_a
16
362
0
_a
1994
440
1
_a
Ática
697
_a
LITERATURA INGLESA
942
_c
BK
999
_c
175534
_d
175534